| 000 | 00766cam a22002651i 4500 | ||
|---|---|---|---|
| 001 | 7658 | ||
| 003 | BD-RjUL | ||
| 005 | 20211208234443.0 | ||
| 008 | 140115r19731963xx c j 000 0 eng | ||
| 020 | _a0584623984 | ||
| 035 | _a(BD-RjUL)7702 | ||
| 035 | _a(OCoLC)2094994 | ||
| 040 |
_aDLC _cMoKiU _dUk _dBD-RjUL _beng |
||
| 041 | _aeng | ||
| 082 | 0 | 4 |
_a398.21 _bBRT 1973 |
| 100 | 1 |
_aBrockett, Eleanor _d1913- _923881 |
|
| 245 | 1 | 0 |
_aTurkish fairy tales / _cretold by Eleanor Brockett ; illustrated by Harry and Ilse Toothill. |
| 260 |
_aLondon : _bMuller, _cc1963 [reprint 1973]. |
||
| 300 |
_a197p. : _bill. ; _c20 cm. |
||
| 650 | 1 |
_aFairy tales. _923882 |
|
| 650 | 1 |
_aFolklore _zTurkey. _923883 |
|
| 942 |
_2ddc _cBK |
||
| 999 |
_c7658 _d7658 |
||